Culture Générale - Série 233 - Statistiques

Statistiques générales
  • Ce quiz a été pris 352 fois
  • Le résultat moyen est 7 sur 10
Statistiques - réponses
Question Réponse % Correct
En mangeant un navet, quelle partie de la plante consommez-vous ? La racine
91%
A l'armée, par quelle couleur désigne-t-on une jeune recrue ? Le bleu
91%
Selon l'expression populaire, quelle poudre prend-on pour s'enfuir ? D'escampette
90%
Que signifie la lettre M dans le sigle FMI ? Monétaire
90%
Dans notre Système solaire, quelle planète est la plus proche du Soleil ? Mercure
87%
Quel animal porte un nom signifiant "cheval du fleuve" ? L'hippopotame
65%
Dans quel département se situe la ville fortifiée de Carcassonne ? L'Aude
56%
Avec quel comédien Terence Hill a-t-il longtemps formé un duo de cinéma ? Bud Spencer
43%
En 1983, quelle chanteuse connaît le succès avec "Mise au point" ? Jakie Quartz
32%
Lors de quel conflit se déroule "La Grande Illusion" de Jean Renoir ? La guerre 1914-1918
5%
Aucun quiz correspondant
Distribution des résultats
% des personnes avec chaque résultat
Percentile par nombre de réponses
Votre historique - résultats
Vous n’avez pas pris ce quiz